000 01025nam a2200301Ia 4500
001 84726
003 IT-RoPAU
008 130308s9999 xx 000 0 und d
040 _aIT-RoPAU
040 _cIT-RoPAU
041 _aINGLESE
100 _aAA.VV.
100 _gCodice Aut. SPICS: 12000
245 _aElectronics and information Sciences
245 _bEncyclopaedia Britannica-1990-Yearbook Of Science And The Future
250 _a1a ed.
260 _aCHICAGO (USA)
260 _bUniversity Of Chicago
260 _c1989 [1° Ed.:1989 - Ed.Ling.Originale:1989]
300 _a"15 p. (prefazione: no ; testo: 15 [pagine: 332-346])"
500 _aElettronica e Scienze dell'informazione sistemi di Comunicazione Computer e Scienza del Computer sistemi di Informazione e di Servizi Sistema di Informazione internazionale comunicazioni via Satellite
650 _aENCICLOPEDIE DI CULTURA GENERALE
650 _eCodice materia Spics: 1001
942 _cBK
957 _71
999 _c38324
_d38324
999 _bSI
999 _g1